000 00640nam a2200241Ia 4500
003 OSt
005 20220918220602.0
006 a|||||r|||| 00| 0
007 ta
008 220917b |||||||| |||| 00| 0 eng d
024 _a146,475
037 _cTextual
040 _aARTS
_cARTS
_beng
041 _2eng
_aeng
082 _aY4(J):3.2, M6
100 _aSahasradbudhey Sunil
_9137855
245 0 _aPeasant movement today
260 _aNew Delhi
_bAshish Publishing
_c1986
300 _axix, 224p.
_ccm.
650 _aSOCIOLOGY
942 _hY4(J):3.2, M6
_cTEXL
_2CC
999 _c269231
_d269231